El sentido común: la filosofía del ser y las fórmulas dogmáticas
Uloženo v:
| Hlavní autor: | |
|---|---|
| Médium: | Kniha |
| Jazyk: | španělština |
| Vydáno: |
Madrid
Palabra
1980
|
| Vydání: | 1a. ed |
| Edice: | Biblioteca Palabra, 29
|
| Témata: | |
| Tagy: |
Přidat tag
Žádné tagy, Buďte první, kdo vytvoří štítek k tomuto záznamu!
|
MARC
| LEADER | 00000cam a2200000 a 4500 | ||
|---|---|---|---|
| 001 | UCZ2583 | ||
| 003 | CL-VaPUC | ||
| 008 | 951005e19800000SP |||||||||||||||||spa|d | ||
| 020 | |a 8471181959 | ||
| 082 | 0 | 4 | |a 111 |b GAR |2 21 |
| 100 | |a Garrigou-Lagrange, Reginald |e author |9 483147 | ||
| 245 | 1 | 3 | |a El sentido común: la filosofía del ser y las fórmulas dogmáticas |
| 250 | |a 1a. ed | ||
| 300 | |a 419 p | ||
| 942 | |c BK | ||
| 945 | |d 19951005 00:00:00 |a cmena | ||
| 260 | |a Madrid |b Palabra |c 1980 | ||
| 650 | 0 | |a Ontología |9 256850 | |
| 650 | 0 | |a Naturaleza humana |9 308593 | |
| 650 | 7 | |a HOMBRE |2 CL-VaPUC |9 262149 | |
| 650 | 0 | |a Inteligencia |9 267038 | |
| 650 | 0 | |a Teoría del conocimiento |9 255038 | |
| 583 | |a last modification |c 20171123 11:07:24 |k Rodrigo Vera | ||
| 490 | 0 | |a Biblioteca Palabra, 29 | |
| 999 | |c 239154 |d 239152 | ||
| 952 | |0 0 |1 0 |4 0 |6 111_000000000000000_GAR_1980 |7 0 |8 P |9 250016 |a BIBEDU |b BIBEDU |c BIBEDU_PB |d 2019-11-18 |i 1568442 |o 111 GAR 1980 |p 1568442 |r 2024-01-25 |w 2019-11-18 |y BK |k FIL | ||
| 952 | |0 0 |1 0 |3 erb |4 0 |6 111_000000000000000_GAR_1980 |7 0 |8 P |9 250017 |a BIBEDU |b BIBEDU |c BIBEDU_PB |e Villagrán Garnham, Jorge |i 5159717 |o 111 GAR 1980 |p 5159717 |r 2024-01-25 |w 2019-11-18 |y BK |z Catalogado en:20150416 |k FIL | ||